00481nam a2200169 a 4500001000500000005001700005008004100022020001800063050001700081100002100098245005800119260003500177300002200212500000700234520004800241650002200289401320140414132019.0040603s19uu xx 00 eng d a0-590-05744-8 aTRbH24 1977 aGackenbach, Dick aHarry and the terrible whatzit /cby Dick Gackenbach. aNew York :bScholastic,c1977. a1 v. : ill. ; cm. aTR aThe Whatzit had better watch out for Harry! aChildren stories.